Riconosci gli Stati dal satellite - Quiz n°11 - Statistics

Statistiche generali
  • Questo quiz è stato fatto 3 volte
  • Il punteggio medio è 7 su 10
Statistiche sulle risposte
con Immagini Risposta % Corretto
Colombia
100%
Costa Rica
100%
Monaco
100%
Panama
100%
Trinidad e Tobago
100%
Uzbekistan
67%
Barbados
33%
Grenada
33%
Mongolia
33%
Tuvalu
33%
Nessun quiz corrispondente trovato
Distribuzione punteggi
Percentuale di utenti per punteggio
Percentile per numero di risposta
I tuoi punteggi nel tempo
Non hai fatto questo quiz